000 00871nam a2200277Ia 4500
005 20220316235300.0
008 121119s1998 sp gr 000 f spa
020 _a8432215333
041 1 _aspa
100 1 _aSuskind, Patrick,
245 1 3 _aEl perfume
_bhistoria de un asesino
_cPatrick Suskind ; traducción de Pilar Giralt Gorina
250 _aPrimera edición
264 1 _aBarcelona
_bSeix Barral
_c1998
300 _a239 páginas
_c18 cm.
336 _atexto
_btxt
_2rdacontent
337 _asin mediación
_bn
_2rdamedia
338 _avolumen
_bnc
_2rdacarrier
490 0 _aBooklet
650 1 4 _2LEMB
_aNovela alemana
_ySiglo XX
650 1 4 _2LEMB
_aLiteratura alemana
_ySiglo XX
650 1 4 _2LEMB
_aSentidos
_vNovela
700 1 _aGiralt Gorina, Pilar
_etraductor
_971573
942 _2loc
_cBKLIT
040 _aCO-BoRNBP
_bspa
_erda
_cCO-BoRNBP
084 _aN SUS1
999 _c484
_d484